|
|
|
|
| LEADER |
01590njm a2200361 a 4500 |
| 001 |
000622419 |
| 003 |
CZ BrMZK |
| 005 |
20040621120729.0 |
| 007 |
ss lsnjlcmpnzu |
| 008 |
020912s2002 xr mc f cze d |
| 028 |
0 |
1 |
|a 5 40235 4
|b EMI
|
| 040 |
|
|
|a BOA001
|b cze
|
| 047 |
|
|
|a mc
|
| 048 |
|
|
|a od
|b vu
|
| 080 |
|
|
|a 792.57
|2 MRF
|
| 080 |
|
|
|a (086.7)
|2 MRF
|
| 100 |
1 |
|
|a Hůlka, Daniel,
|d 1968-
|7 jn20000401154
|4 sng
|
| 245 |
1 |
0 |
|a Ještě jednu árii, pane hrabě!
|h [zvukový záznam] :
|b 20 velkých písní
|
| 260 |
|
|
|a Praha :
|b EMI,
|c c2002
|
| 300 |
|
|
|a 1 zvuková kazeta (73:45) :
|b analog, Dolby HX-Pro +
|e 1 leták (10 x 21 cm)
|
| 306 |
|
|
|a 011345
|
| 500 |
|
|
|a Kompilace
|
| 500 |
|
|
|a Původní fonogramy p1997-2001 různá vydavatelství
|
| 500 |
|
|
|a Vydáno také na kompaktní desce s objednacím číslem 7243 5 40235 2 1
|
| 505 |
0 |
0 |
|t Souznění --
|t Sníh --
|t Vzpoura --
|t Znít jako zvon poslední --
|t Půlnoc --
|t Gabriel --
|t Říjen a já --
|t Tajemný hrad --
|t Loď bláznů --
|t Draculův monolog --
|t Prolog --
|t Biblická píseň č. 9 --
|t Za láskou půjdu světa kraj --
|t Rozhovor --
|t Vítr --
|t Nino --
|t Zeď --
|t Přísaha --
|t Probuzení --
|t Dokonáno
|
| 511 |
0 |
|
|a Zpívají: Daniel Hůlka, Karel Gott, Lucie Bílá ... [et al.]
|
| 650 |
0 |
7 |
|a muzikály
|7 ph123058
|2 czenas
|
| 655 |
|
4 |
|a muzikály
|
| 700 |
1 |
|
|a Gott, Karel,
|d 1939-2019
|7 jk01032549
|4 sng
|
| 700 |
1 |
|
|a Bílá, Lucie,
|d 1966-
|7 jn19990209056
|4 sng
|
| 910 |
|
|
|a BOA001
|b KZ-0010.650
|
| 990 |
|
|
|a AV
|
| 996 |
6 |
|
|b 261H011619
|c KZ-0010.650
|l MZK
|r Sklad / do 24 hodin
|n 0
|w 000622419
|u 000010
|a 1
|e BOA001
|j MZK50
|s P
|